书目信息 |
| 题名: |
精细化学反应设备分析与设计
|
|
| 作者: | 王正平 , 陈兴娟 编著 | |
| 分册: | ||
| 出版信息: | 北京 化学工业出版社 2004 |
|
| 页数: | ||
| 开本: | 29cm | |
| 丛书名: | ||
| 单 册: | ||
| 中图分类: | TQ052 | |
| 科图分类: | ||
| 主题词: | 化工机械 , 化工设备 | |
| 电子资源: | ||
| ISBN: | 7-5025-5693-1 | |
| 000 | 00646nam0 2200205 450 | |
| 001 | 0754114953 | |
| 005 | 20070929150154.95 | |
| 010 | @a7-5025-5693-1 | |
| 100 | @a20070929d km y0chiy0120 ea | |
| 101 | 0 | @achi |
| 200 | 1 | @a精细化学反应设备分析与设计@Ajing xi hua xue fan ying she bei fen xi yu she ji@f王正平,陈兴娟 编著@Fwang zheng ping,chen xing juan bian zhu |
| 210 | @a北京@c化学工业出版社@d2004 | |
| 215 | @c插图@d29cm | |
| 606 | 0 | @a化工机械 |
| 606 | 0 | @a化工设备 |
| 690 | @aTQ052@v3 | |
| 701 | 0 | @a王正平@Awang zheng ping@4编著 |
| 701 | 0 | @a陈兴娟@Achen xing juan@4编著 |
| 801 | 0 | @aCN@bPFT@c20070929 |
| 905 | @a213230@dTQ052@eh175@f1 | |
| 精细化学反应设备分析与设计/王正平,陈兴娟 编著.-北京:化学工业出版社,2004 |
| 插图;29cm |
| ISBN 7-5025-5693-1: |
| ● |
| 相关链接 |
|
|
|
|
正题名:精细化学反应设备分析与设计
索取号:TQ052/h175
 
预约/预借
| 序号 | 登录号 | 条形码 | 馆藏地/架位号 | 状态 | 备注 |
| 1 | 6002259 | 260022594 | 化学系资料室/ [索取号:TQ052/h175] | 在馆 |